| 000 | 00711cab a2200217 4500 | ||
|---|---|---|---|
| 001 | WB3131-03 | ||
| 008 | 090401t1995 xxu||||| |||| 00| 0 eng d | ||
| 035 | _a(Sirsi) u51514 | ||
| 041 | _aeng | ||
| 245 | _aOrders for new construction: June 1995 | ||
| 260 | _c1995 | ||
| 350 | _a0 | ||
| 490 |
_aDOE Information Bulletin _v(410) 14 August 1995, (16) |
||
| 520 | _aAnnounces the latest figures on construction orders. New orders have fallen by 11% in the second quarter of 1995. Includes statistics and graphs. | ||
| 650 | _aCONSTRUCTION LEVELS | ||
| 650 | _aCONSTRUCTION STATISTICS | ||
| 650 | _aNEW CONSTRUCTION ORDERS JUNE 1995 | ||
| 690 | _aBUILT ENVIRONMENT | ||
| 942 | _n0 | ||
| 948 | _c04/03/1997 | ||
| 999 |
_c31980 _d31980 |
||